Simposio Bondenbender (Registro nro. 8014)
[ vista simple ]
| 000 -CABECERA | |
|---|---|
| Campo de control interno | 01737nam a2200229Ia 4500 |
| 008 - ELEMENTOS DE LONGITUD FIJA - INFORMACIÓN GENERAL | |
| Campo de control de longitud fija | 260220t2004||||xx |||||||||||||| ||spa|| |
| 040 ## - FUENTE DE CATALOGACIÓN | |
| Agencia de catalogación original | PY-SlUNAC |
| Idioma de catalogación | spa |
| Convenciones de descripción | rda |
| 041 ## - CÓDIGO DE IDIOMA | |
| Código de idioma para texto/pista de sonido o título separado | spa |
| 082 ## - NÚMERO DE CLASIFICACIÓN DECIMAL DEWEY | |
| Clasificación Decimal Dewey (CDD) | 551 |
| Clasificación Expansiva de Cutter (EC) | Sim57sb |
| 245 #0 - TÍTULO | |
| Título | Simposio Bondenbender |
| 264 ## - PIE DE IMPRENTA | |
| Lugar | San Miguel de Tucumán : |
| Editorial | INSUGEO, |
| Año | ℗2004. |
| 300 ## - DESCRIPCIÓN FÍSICA | |
| Páginas | 1 volumen |
| 520 ## - NOTA DE RESUMEN | |
| Nota de resumen | El "Simposio Bondenbender", publicado por INSUGEO en 2004, reúne una serie de investigaciones y ponencias que abordan temas relevantes en el campo de las ciencias geológicas y ambientales. Celebrado en San Miguel de Tucumán, este simposio propició un espacio de intercambio académico entre expertos y estudiantes, fomentando el diálogo sobre el impacto de factores geológicos en el medio ambiente y la sostenibilidad. A través de diversas contribuciones, se analizan aspectos como la geodiversidad, la geomorfología y la gestión de recursos naturales, resaltando la importancia de la investigación interdisciplinaria. Además, se discuten métodos innovadores para la conservación del patrimonio geológico y la adaptación a los cambios climáticos. Este compendio no solo documenta el avance del conocimiento en estas áreas, sino que también invita a la reflexión sobre la responsabilidad social de los geocientíficos en la creación de políticas que promuevan la protección de los ecosistemas. En conjunto, el libro representa un aporte significativo al entendimiento de la relación entre geología y desarrollo sostenible. |
| 651 ## - MATERIA - NOMBRE GEOGRÁFICO | |
| Materia - nombre geográfico | Argentina |
| 653 ## - MATERIA - TÉRMINO TEMÁTICO NO CONTROLADO (PALABRAS CLAVE) | |
| Materia - término temático no controlado (palabras clave) | Geología |
| 653 ## - MATERIA - TÉRMINO TEMÁTICO NO CONTROLADO (PALABRAS CLAVE) | |
| Materia - término temático no controlado (palabras clave) | Simposios |
| 942 ## - ELEMENTOS PERSONALIZADOS (KOHA) | |
| Fecha catalogación | 2026/02/17 |
| Tipo de documento | Libros |
| Fuente de Clasificacion | Colección | Ubicacion permanente | Biblioteca actual | Fecha de Ingreso a la Biblioteca | Origen de adquisición | Código de ubicación | Código de barras | Tipo de Item KOHA | Nota pública |
|---|---|---|---|---|---|---|---|---|---|
| Dewey Decimal Classification | Colección General (CG) | Biblioteca e Internet, Facultad de Ciencias Exactas y Naturales | Biblioteca e Internet, Facultad de Ciencias Exactas y Naturales | 02/20/2026 | Donación | 551 Sim57sb | CG1374 | Libros | Material disponible en la Biblioteca e Intenet, Campus UNA, San Lorenzo. |


